000 01220nam a2200193 a 4500
008 130730s2012 ||||||||||||||||| || u
050 _aCOMESA(02)
110 _aCommon Market for Eastern and Southern Africa (COMESA)
245 1 0 _aCOMESA: a story
_cby Common Market for Eastern and Southern Africa [COMESA]
260 _aLusaka:
_bCommon Market for Eastern and Southern Africa (COMESA)
_c2012
300 _a12p.: ill.
650 _aCOMESA--ORIGIN
650 _aCOMESA--BEYOND BORDERS
995 _aSPECIAL COLLECTIONS
_e804
_FCBU-MAIN LIBRARY (Kitwe)
_jCOMESA(02)2012/3B
_M2
_UAVAILABLE
_WJul 31, 2013
_yB804
_ZInternational Publications
995 _aSPECIAL COLLECTIONS
_e806
_FCBU-MAIN LIBRARY (Kitwe)
_jCOMESA(02)2012/3D
_M4
_UAVAILABLE
_WJul 31, 2013
_yB806
_ZInternational Publications
995 _aSPECIAL COLLECTIONS
_e805
_FCBU-MAIN LIBRARY (Kitwe)
_jCOMESA(02)2012/3C
_M3
_UAVAILABLE
_WJul 31, 2013
_yB805
_ZInternational Publications
995 _aSPECIAL COLLECTIONS
_e803
_FCBU-MAIN LIBRARY (Kitwe)
_jCOMESA(02)2012/3A
_M1
_UAVAILABLE
_WJul 31, 2013
_yB803
_ZInternational Publications
995 _aSPECIAL COLLECTIONS
_e807
_FCBU-MAIN LIBRARY (Kitwe)
_jCOMESA(02)2012/3E
_M5
_UAVAILABLE
_WJul 31, 2013
_yB807
_ZInternational Publications
999 _c79479
_d79479